000 00589nam a22001695i 4500
001 168868
003 ES-MaACL
005 20230906213920.0
008 080617s1907 fr |||| | fre d
080 _a782.089.6
100 1 _aLaparra, Raoul.
_9137996
245 1 3 _aLa habanera [
_hmúsica impresa]
_b: drame lyrique en 3 actes /
_cRaoul Laparra.
260 _aParis :
_bEnoch et Cie.,
_c[1907]
300 _a1 partitura vocal ( [10],193 p.) ;
_c28 cm.
650 1 4 _aÓperas-
_xPartituras vocales.
_9137997
852 4 _aES-MaACL
_jL-29330
_9R.141095
_zBiblioteca Jacinto Martínez Lacalle
999 _c168868
_d168868